[Event "Ibiza Summer op 3rd"]
[Site "Ibiza"]
[Date "2014.07.02"]
[Round "7"]
[White "Prohens Costa, Armando"]
[Black "Cerrajeria Ruiz, Jesus Maria"]
[Result "0-1"]
[WhiteElo "1614"]
[BlackElo "2166"]
[PlyCount "92"]
[EventDate "2014.06.27"]
[EventType "swiss"]
[EventRounds "7"]
[EventCountry "ESP"]
[SourceTitle "CBM 161 Extra"]
[Source "ChessBase"]
[SourceDate "2014.08.29"]
[SourceVersion "1"]
[SourceVersionDate "2014.08.29"]
[SourceQuality "1"]

1. e4 c5 2. Nf3 g6 3. d4 cxd4 4. Nxd4 Bg7 5. c4 Nc6 6. Nc2 d6 7. Nc3 Nh6 8. Be2 0-0 9. 0-0 f5 10. f3 Qb6+ 11. Kh1 fxe4 12. fxe4 Rxf1+ 13. Qxf1 Be6 14. Nd5 Bxd5 15. exd5 Rf8 16. Qg1 Qxg1+ 17. Kxg1 Nd4 18. Nxd4 Bxd4+ 19. Kh1 Ng4 20. h3 Ne5 21. Bh6 Rf7 22. Rf1 Rxf1+ 23. Bxf1 Bxb2 24. Be3 b6 25. Kg1 Ba3 26. Bd2 Bc5+ 27. Kh2 Bd4 28. Be2 Kf7 29. a4 a5 30. Kg3 Nd7 31. Kf4 Nc5 32. Bd1 Kf6 33. Kf3 g5 34. Kg4 Ne4 35. Be1 h6 36. Bc2 Ke5 37. h4 Nf6+ 38. Kg3 gxh4+ 39. Kxh4 Kf4 40. Bd2+ Be3 41. Bc3 Bf2+ 42. Kh3 Ne4 43. Bxe4 Kxe4 44. g4 Kd3 45. Bg7 Be3 46. Bf8 Bg5 0-1